Aby sa turista cítil v prírode dobre Malé zamyslenie nad doterajšími zrazmi turistov SNP

Podrobná bibliografia
Hlavní autori: Gretsch, Viliam (Autor), Murín, Miroslav (Autor), Schaal, Vratislav (Autor), Kányai, Ladislav (Autor)
Médium: Článok
Jazyk:slovenčina
Predmet:

MARC

LEADER 00000nab a2200000 a 4500
001 vtls000005384
003 SK-MaSNL
005 20260303021157.0
008 111103c1978 xo 0 slo
015 |a SNBRB19rr/mm-uuuuu 
035 |a CL0015477 
040 |a SNKBUCL  |b slo  |c SNKBUCL  |e AACR2 
041 0 |a slo 
044 |a xo  |c SK 
080 |a 796.5  |2 1981 
100 1 |a Gretsch, Viliam  |4 aut  |9 896171 
245 1 0 |a Aby sa turista cítil v prírode dobre  |b Malé zamyslenie nad doterajšími zrazmi turistov SNP  |c Viliam Gretsch, Miroslav Murín, Vratislav Schaal ; Ladislav Kányai 
650 0 7 |a turistika  |2 snkbucl  |9 683 
650 0 7 |a turistické zrazy  |2 snkbucl  |9 91065 
650 0 7 |a dejiny  |2 snkbucl  |9 3825 
655 7 |a články z novín a časopisov  |2 snkbucl  |9 267496 
700 1 |a Murín, Miroslav  |4 aut  |9 5175 
700 1 |a Schaal, Vratislav  |4 aut  |9 450578 
700 1 |a Kányai, Ladislav  |4 aut  |9 1001902 
773 0 |t Šport  |g Roč. 30, č. 180 (2. 8. 1978), s. 3 
850 |a Slovenská národná knižnica v Martine  |a MTA001 
852 |a SNK  |b KIS3GCP 
958 |a RK 
992 |a RBX 
999 |c 1621813  |d 1623743